Universal's the land acquisition act, 1894 with State amendments / (Record no. 67420)

MARC details
000 -LEADER
fixed length control field 00408nam a22001457a 4500
005 - DATE AND TIME OF LATEST TRANSACTION
control field 20190214173910.0
010 ## - LCCN (DPL NO)
LC control number B-083655
020 ## - INTERNATIONAL STANDARD BOOK NUMBER
Terms of availability 80.00
035 ## - SYSTEM CONTROL NUMBER
System control number B-083655
037 ## - SOURCE OF ACQUISITION
Stock number DPL
Source of stock number/acquisition ENG
245 ## - TITLE STATEMENT
Title Universal's the land acquisition act, 1894 with State amendments /
260 ## - PUBLICATION, DISTRIBUTION, ETC. (IMPRINT)
Place of publication, distribution, etc Delhi
Name of publisher, distributor, etc Universal Law Publishing Co.
300 ## - PHYSICAL DESCRIPTION
Extent 101p.
Dimensions 20 cms.
942 ## - ADDED ENTRY ELEMENTS (KOHA)
Source of classification or shelving scheme Dewey Decimal Classification
Item type English Books
Classification part 346.04362
Call number suffix LAN
Holdings
Withdrawn status Lost status Not for loan Collection code Home library Current library Date acquired Cost, normal purchase price Full call number Barcode Cost, replacement price Koha item type
      Non-fiction Sarojini Nagar Sarojini Nagar 01/06/2012 80.00 346.04362 LAN B-083655 80.00 English Books

© Delhi Public Library
Hit Counter
free hit counter